Lipofectin: Direct gene transfer to higher plants using cationic liposomes (Record no. 62210)

MARC details
000 -LEADER
fixed length control field 00487nam a2200169Ia 4500
100 ## - MAIN ENTRY--AUTHOR NAME
Personal name Sporlein B
245 #0 - TITLE STATEMENT
Title Lipofectin: Direct gene transfer to higher plants using cationic liposomes
260 ## - PUBLICATION, DISTRIBUTION, ETC. (IMPRINT)
Name of publisher Theoretical and Applied Genetics
Year of publication 1991
300 ## - PHYSICAL DESCRIPTION
Number of Pages 49-57
650 ## - SUBJECT ADDED ENTRY--TOPICAL TERM
Topical Term Cationic liposomes
650 ## - SUBJECT ADDED ENTRY--TOPICAL TERM
Topical Term Direct gene tranfer
650 ## - SUBJECT ADDED ENTRY--TOPICAL TERM
Topical Term Electroporation
650 ## - SUBJECT ADDED ENTRY--TOPICAL TERM
Topical Term Plant transformation
700 ## - ADDED ENTRY--PERSONAL NAME
Personal name Koop H U
942 ## - ADDED ENTRY ELEMENTS (KOHA)
Koha item type Journals
Holdings
Withdrawn status Lost status Damaged status Not for loan Home library Current library Date acquired Serial Enumeration / chronology Koha item type
      Journals RRII Library RRII Library 17/12/2021 Volume 83, Issue 1 Journals